=LDR 00000nam 2200000 4500 =001 INLIS000000000809599 =008 ###################################ind## =035 ##$$a 0010-0825000092 =245 ##$$a Mengelola Sistem Kearsipan / $c Fiki Puspitasari =260 ##$$b PT intan sejati =020 ##$$a 9789791456692 =084 ##$$a 613,7 PUS m =520 ##$$a Kearsipan (records management) =082 ##$$a 613.7